24 Fastest Growing Countries by Population - Statistics

General Stats
  • This quiz has been taken 984 times
  • The average score is 13 of 24
Answer Stats
Percentage Growth Country % Correct
3.8% Niger
94%
3.2% Democratic Republic of the Congo
87%
3.7% Uganda
85%
3.0% Chad
74%
3.0% Mali
74%
3.0% Tanzania
73%
2.8% Somalia
68%
3.3% Angola
67%
2.8% Senegal
65%
2.9% Zambia
65%
2.9% Mozambique
64%
2.8% Guinea
61%
3.2% Burundi
60%
2.7% Benin
59%
2.9% Burkina Faso
59%
2.8% Mauritania
58%
2.9% Gambia
56%
2.7% Madagascar
49%
3.7% Equatorial Guinea
38%
3.4% Oman
18%
4.9% Bahrain
13%
3.8% Maldives
9%
3.5% Malta
7%
2.7% Iceland
6%
No matching quizzes found
Score Distribution
Percent of People with Each Score
Percentile by Number Answered
Your Score History
You have not taken this quiz